000 00472pab a2200169 454500
008 180718b2011 xxu||||| |||| 00| 0 eng d
100 _aBernhard, Michael
245 _aMoving west or going south? Economic transformation and institutionalization in postcommunist party systems
260 _c2011
300 _ap.1-20.
362 _aOct
650 _aPolitical parties
700 _aKarakoc, Ekrem
773 _aComparative Politics
908 _aN
909 _a93585
999 _c93585
_d93585